Jedno dzieło, wiele interpretacji - Rozważania nad "Wielkimi słowami" Cypriana Norwida

Titel: Jedno dzieło, wiele interpretacji - Rozważania nad "Wielkimi słowami" Cypriana Norwida / pod red. Dariusza Pniewskiego
Beteiligt:
Veröffentlicht: Toruń : Wydawnictwo Naukowe UMK, 2012
Umfang: 164 S.
Format: Buch
Sprache: Polnisch
ISBN: 9788323129189
Buchumschlag
X
Lokale Klassifikation: 32 10 E ; 2 N 7
alg: 31371789
001A    $03004:03-12-12 
001B    $01999:09-06-23 $t20:24:26.000 
001C    $03004:03-12-12 $t12:02:59.000 
001D    $03004:03-12-12 
001U    $0utf8 
001X    $00 
002@    $0Aau 
003@    $0313717893 
003O    $0819948056 $aOCoLC 
004A    $A978-83-231-2918-9 
007A    $0313717893 $aHEB 
010@    $apol 
011@    $a2012 
021A    $aJedno dzieło, wiele interpretacji - Rozważania nad "Wielkimi słowami" Cypriana Norwida $hpod red. Dariusza Pniewskiego 
028C    $7 $8Pniewski, Dariusz [Tnd] $9194337669 
033A    $pToruń $nWydawnictwo Naukowe UMK 
034D    $a164 S. 
045F    $a809 $eDDC23BSB 
045F/01 $a809 
045F/03 $g438 

lok: 31371789 24
101B    $017-01-13 $t13:09:35.000 
101C    $017-12-12 
101U    $0utf8 
145Z/01 $a32 10 E 
145Z/02 $a2 N 7 

exp: 31371789 24 1 #EPN
201B/01 $017-12-12 $t12:45:24.000 
201C/01 $003-12-12 
201U/01 $0utf8 
203@/01 $0658677888 
208@/01 $a17-12-12 $bz 
209A/01 $a12.08823 $du $f050 $h12 08823 $x00 
209C/01 $a12.08823 T $h12 08823 T 
209G/01 $a73123984 $x00 
220C/01 $ajwa 
244Z/01 $#Norwid, Cyprian $#Norwid, Cyprian Kamil $#Norwid, Cyprian K. $#Norwid, Cyprjan K. $#Norwid, Cyprjan $#Norwid, C. K. $#Norvid, T︠S︡iprian $#Norvid, Ciprian $#Norwid, Cyprien Camille $#Norwid, C.K. $#Norwid, Kamil Cyprian $#Norvid, Tsiprian $#Norwid, Cyprien $7118588753 $8--Tp1--Norwid, Cyprian$Z1821-1883 $x01 $9086929763 
247C/01 $8358050-7 Marburg, Bibliothek des Herder-Instituts Marburg $9102600961
LEADER 00000cam a2200000 c 4500
001 313717893
003 DE-603
005 20230609202426.0
007 tu
008 121203s2012 xx |||| | u00||u|pol c
020 |a 9788323129189 
035 |a (DE-599)HEB313717893 
035 |a (OCoLC)819948056 
040 |a DE-603  |b ger  |c DE-603  |d DE-603 
041 |a pol 
082 0 4 |8 1\u  |a 809  |q DE-101  |2 23/BSB 
085 |8 1\u  |b 809 
085 |8 1\u  |z 2  |s 438 
245 0 0 |a Jedno dzieło, wiele interpretacji - Rozważania nad "Wielkimi słowami" Cypriana Norwida  |c pod red. Dariusza Pniewskiego 
264 1 |a Toruń  |b Wydawnictwo Naukowe UMK  |c 2012 
300 |a 164 S. 
700 1 |a Pniewski, Dariusz  |0 (DE-603)194337669 
924 0 |9 Mb 50  |a (DE-603)658677888  |b DE-Mb50  |c HES  |d c  |g 12.08823